Постановление ГКО СССР № 4170 сс о поставке серийного производства самолетов Ер-2 с дизель-моторами М-30Б, с приложением докладн...

RUSMARC
00005373cbm0a2200337#x 450
00112673470-eb79-4bf1-8926-0b6075ce25e5
00520250527150255.0
100##$a20250526j19430921k###0rusy50 ca
1010#$arus
102##$aRU
105##$ay###z########
1220#$ad19430921##
2001#$aПостановление ГКО СССР № 4170 сс о поставке серийного производства самолетов Ер-2 с дизель-моторами М-30Б, с приложением докладной записки Шахурина А. И. Сталину И. В.
$j21 сентября 1943 г.
251##$cДокумент
300##$aРассылочный и подлинный экземпляры
461#0$12001
$aФ. 644
$1251
$cФонд
$1852
$j644
462#0$12001
$aОп. 1
$1251
$cОпись
$1852
$j1
60101$2nlr_sh
$3RU\NLR\AUTH\661357733
$aСССР
$bГосударственный Комитет Обороны
$xИстория
$jДокументы и материалы
605##$2prlib_sh
$3LIBNET\UAF\0000088514
$aВторая мировая война в архивных документах (Комплекс оцифрованных архивных документов, кино- и фотоматериалов)
$lколлекция
605##$2acquisition_Prlib
$3DITM\AF\0000002775
$aВласть
$lколлекция
6061#$2nlr_sh
$3RU\NLR\AUTH\661280795
$aВеликая Отечественная война
$z1941 - 1945
$xТыл(воен.)
$jДокументы и материалы
6061#$2nlr_sh
$3RU\NLR\AUTH\661404041
$aВоенное самолетостроение
$xИстория
$yСССР
$z1941 - 1945
$jДокументы и материалы
6061#$2nlr_sh
$3RU\NLR\AUTH\661387664
$aЕр-2, стратегические бомбардировщики
$jДокументы и материалы
686##$a63.3(2)622,12ю1
$vLBC/M
$2rubbk
686##$a65.305.04-03ю1
$vLBC/M
$2rubbk
686##$a68.521.11-1(2)ю1
$vLBC/M
$2rubbk
801#0$aRU
$bПБ им. Б.Н. Ельцина
$c20250526
801#1$aRU
$bПБ им. Б.Н. Ельцина
$c20250526
$2rusmarc
801#2$aRU
$bПБ им. Б.Н. Ельцина
$c20250527
$2rusmarc
850##$aРоссийский государственный архив социально-политической истории
852##$aРГАСПИ
$jД. 152. Л. 155-158об.; Оп. 2. Д. 215. Л. 176-181об.
035##$aLIBNET\0001475789
937##$d196754172
$hФедеральное архивное агентство
8564#$uhttp://readingroom.main.prlib.ru/item.aspx?id_node=n196754172&mode=full
Формат отображения